01935nam a2200217 a 4500008004100000020001500041041000800056092001700064100002200081245002900103250004400132260003500176300002200211500006700233505106800300590006101368655002101429942001301450999001501463952023901478180523e1998 ag ||||gr|||| 000 1 spa d a9500418479 aspa c808l13sCOO1 aCook, Robin93090 aInvasión /cRobin Cook a1a ed.bTraducción Constanza Fantín aBuenos Aires:bEmecé;c1998. a320 p.c23x15 cm. aCook, R. (1998). Invasión. (1a ed.). Buenos Aires : Emecé. aUna epidemia tan terrible como inexplicable se desata en el campus de una universidad norteamericana: lo que empieza como un simple resfrío se transforma en una seguidilla de síntomas que desafían cualquier diagnóstico posible. Mientras tanto, desde la vastedad del espacio interestelar, una amenaza mortal acecha a los seres humanos. Robin Cook, pionero y maestro indiscutido del thriller médico, descubre nuestros temores más profundos con una habilidad sobresaliente. En esta nueva novela el doctor Cook abandona su especialidad para incursionar en el campo de la ciencia-ficción con una historia ágil y escalofriante. Robin Cook es, prácticamente, el inventor del suspenso médico. Desde Coma, su primer gran éxito, ha escrito diecinueve novelas, todas bestsellers, que abordan temas como el transplante de órganos, la mala práctica de los profesionales de la salud, la ingeniería genética y la fertilización in vitro. La mayoría de sus libros ha sido llevados al cine. Invasión ha sido convertida en serie de televisión.  aProyecto 4to libro. Donación Lara Victoria, Mayo 2018. aLiteratura92917 2ddccLIT c2790d2790 00102ddc40708FICaBFMbBFMcCRd2018-05-24eProyecto 4to Libro. Donación Lara Victoria, Mayo 2018.l3m1o808 13 COOp4278r2023-06-27s2023-06-06tEj. 1w2018-05-24yLITzProyecto 4to Libro. Donación Lara Victoria, Mayo 2018.